000 00416nam a22001697a 4500
003 CEME
005 20210628202653.0
008 210127b xxu||||| |||| 00| 0 eng d
040 _c.
082 _a621.372 SPA
100 _aSpang, Steve
_961006
245 _aCalibration philosophy in practice
260 _aUSA
_bFLUKE
_c1980
300 _aIV,99P
650 _aCALIBRATION IN PRACTICE
_961007
942 _cBK
_2ddc
999 _c570584
_d570584